| 000 | 00407nam a22001817a 4500 | ||
|---|---|---|---|
| 003 | NUST | ||
| 020 | _a0-07-049473-8 | ||
| 038 | _akhadija | ||
| 082 |
_a620 _bKUM |
||
| 100 |
_aKumar, K.L. _982780 |
||
| 245 | _aEngineering Mechanics / | ||
| 250 | _a3rd ed. | ||
| 260 |
_aNew Delhi : _bTata McGraw Hill, _c2005. |
||
| 300 |
_a799 p. ; _b23 cm. |
||
| 500 | _aPaperback. | ||
| 563 | _aPB | ||
| 942 |
_cBK _2ddc |
||
| 999 |
_c33819 _d33819 |
||